| 000 | 00432nam a22001817a 4500 | ||
|---|---|---|---|
| 005 | 20180719153142.0 | ||
| 008 | 160614b xxu||||| |||| 00| 0 eng d | ||
| 020 | _a0-07-048368-x | ||
| 041 | _aeng | ||
| 082 |
_b7336 _a658.15 |
||
| 100 |
_aRaj. A Besant C _91841 |
||
| 245 | _aCorporate Financial Mgt.:an introduction | ||
| 250 | _a3rd ed. | ||
| 260 |
_bTMH _c2003 |
||
| 300 | _a193p, | ||
| 650 |
_aManagement _9241 |
||
| 942 | _cBK | ||
| 999 |
_c2591 _d2590 |
||